000 00560nam a22001937a 4500
005 20251108165537.0
008 250721s1991 xx 000 0 ara d
082 1 4 _aم/920.05663/طيب
100 1 _aالطيب، أبي محمد عبد الله
245 1 0 _aتاريخ ثغر عدن /
264 1 _aالقاهرة :
_bمكتبه مدبولي،
_c1991.
300 _a2ج في مجلد واحد
650 1 7 _aعدن
650 1 7 _aالتراجم
650 1 7 _aاليمن
650 1 7 _aالتاريخ القديم
942 _2ddc
_cREF
999 _c30397
_d30397